Good Luck Charlie Theme Tune (Hang in there baby) lyrics - Statistics

General Stats
  • This quiz has been taken 973 times
  • The average score is 15 of 19
Answer Stats
Hint Answer % Correct
i close my .... eyes
92%
Hang in there .... baby
88%
has anybody seen by left .... shoe
86%
turn out to .. be
85%
But i know, your future's ...... bright
85%
Hang in there baby, things are ..... crazy
85%
Sure life is up and .... down
85%
You're gonna love who ... you
84%
So just take my ...... advice
82%
Everything turns out ....... alright
82%
But trust me it comes back ...... around
81%
laugh out .... loud
80%
Todays all burnt ..... Toast
78%
there it is up on the .... roof
77%
I've been there, I ........ survived
77%
Hang in there baby, theres no ..... maybe
74%
take a .... bite
68%
have a .... ride
50%
Running late and ..... jokes daddy
21%
No matching quizzes found
Score Distribution
Percent of People with Each Score
Percentile by Number Answered
Your Score History
You have not taken this quiz